[Event "16.Open Seefeld"]
[Site "Oesterreich / Seefeld"]
[Date "2005.09.23"]
[Round "7"]
[White "Borries, Barbara"]
[Black "Tessmer, Hans-Peter"]
[Result "1-0"]
[WhiteElo "1975"]
[BlackElo "1304"]
[PlyCount "99"]
[EventDate "2005.09.17"]

1. e4 e5 2. Nf3 Nc6 3. Bb5 a6 4. Bxc6 dxc6 5. O-O Bg4 6. h3 Bxf3 7. Qxf3 Nf6 8.
d3 Be7 9. Be3 O-O 10. Nd2 h6 11. a3 Re8 12. Rfe1 Bd6 13. Rad1 Qe7 14. Nf1 Bc5
15. Bc1 Qd8 16. Ng3 Kf8 17. Nf5 Re6 18. Be3 Bxe3 19. Rxe3 Qd7 20. g4 Rd8 21.
Kh2 Ne8 22. g5 Nd6 23. gxh6 Nxf5 24. Qxf5 gxh6 25. Rg1 Qe8 26. Reg3 Ke7 27. Rg7
Rdd6 28. Rg8 Qd7 29. R1g7 Rf6 30. Qxe5+ Rde6 31. Qc5+ Qd6+ 32. Qxd6+ cxd6 33.
Rg2 Rf3 34. R8g3 Rff6 35. Re3 Kd7 36. d4 Rf4 37. f3 Ref6 38. Kg3 Ke6 39. Kf2
Rh4 40. Kg3 Rh5 41. h4 Rb5 42. b3 Kd7 43. Rf2 Rg6+ 44. Kh3 Rh5 45. c4 Rg1 46.
Ree2 Rd1 47. Rd2 Rh1+ 48. Rh2 Rf1 49. b4 Rxf3+ 50. Kg4 1-0

[Event "16.Open Seefeld"]
[Site "Oesterreich / Seefeld"]
[Date "2005.09.23"]
[Round "7"]
[White "Disselberger, Alfons"]
[Black "Duric, Rajko"]
[Result "0-1"]
[WhiteElo "1290"]
[BlackElo "1867"]
[PlyCount "72"]
[EventDate "2005.09.17"]

1. e4 d6 2. d4 Nf6 3. Nc3 c6 4. Be2 Nbd7 5. Nf3 e5 6. O-O Be7 7. dxe5 dxe5 8.
Bc4 O-O 9. Qe2 b5 10. Bb3 a5 11. a4 b4 12. Nb1 Qc7 13. c3 Nc5 14. Bc2 Ba6 15.
c4 Rad8 16. Nbd2 Ne6 17. b3 Nf4 18. Qe1 Nd3 19. Bxd3 Rxd3 20. Rb1 Rfd8 21. h3
Bc5 22. Bb2 Rc3 23. Rc1 Rxc1 24. Qxc1 Nd7 25. Qa1 f6 26. h4 Nf8 27. h5 h6 28.
Qb1 Qf7 29. g4 Bc8 30. Bxe5 fxe5 31. Nxe5 Qf4 32. Nxc6 Qxg4+ 33. Kh1 Qh3+ 34.
Kg1 Rd3 35. Ne7+ Bxe7 36. f3 Bc5+ 0-1

[Event "16.Open Seefeld"]
[Site "Oesterreich / Seefeld"]
[Date "2005.09.23"]
[Round "7"]
[White "Dalla Santa, Odile"]
[Black "Loew, Bernd"]
[Result "0-1"]
[WhiteElo "1120"]
[BlackElo "1548"]
[PlyCount "50"]
[EventDate "2005.09.17"]

1. d4 b6 2. e3 Bb7 3. Be2 Bxg2 4. Bf3 Bxh1 5. Bxh1 Nc6 6. Nc3 Rb8 7. a3 e6 8.
d5 Ne5 9. Nf3 Nxf3+ 10. Bxf3 Nf6 11. e4 Bd6 12. h3 Be5 13. Bd2 c6 14. Be2 cxd5
15. exd5 Nxd5 16. Nxd5 exd5 17. Rb1 O-O 18. Bf3 Qh4 19. Ke2 Rfe8 20. Bxd5 Qh5+
21. f3 Bg3+ 22. Be3 Bf4 23. Kd3 Rxe3+ 24. Kd4 Rc8 25. Qd2 Qe5# 0-1

[Event "16.Open Seefeld"]
[Site "Oesterreich / Seefeld"]
[Date "2005.09.24"]
[Round "8"]
[White "Rotstein, Arkadij"]
[Black "Bronznik, Valeri"]
[Result "1-0"]
[WhiteElo "2520"]
[BlackElo "2390"]
[PlyCount "25"]
[EventDate "2005.09.17"]

1. Nf3 f5 2. g3 Nf6 3. Bg2 g6 4. b4 c6 5. c4 Bg7 6. Bb2 a5 7. b5 cxb5 8. cxb5
a4 9. Na3 O-O 10. O-O d6 11. d3 Nbd7 12. Qd2 Nc5 13. Rac1 {
Rest der Notationen unbrauchbar !} 1-0

[Event "16.Open Seefeld"]
[Site "Oesterreich / Seefeld"]
[Date "2005.09.24"]
[Round "8"]
[White "Rausch, Stephan"]
[Black "Antic, Dejan"]
[Result "0-1"]
[WhiteElo "2337"]
[BlackElo "2512"]
[PlyCount "70"]
[EventDate "2005.09.17"]

1. d4 Nf6 2. c4 g6 3. Nc3 Bg7 4. e4 d6 5. h3 O-O 6. Bg5 Na6 7. Nf3 Qe8 8. Be2
e5 9. d5 Nh5 10. Nh2 Nf4 11. Bf3 f5 12. O-O Nc5 13. exf5 Bxf5 14. Ng4 Bd3 15.
Re1 h5 16. Ne3 e4 17. Bxf4 Rxf4 18. Be2 Qf7 19. Rf1 Rf8 20. Qe1 Bd4 21. Ncd1
Qg7 22. Qd2 a5 23. Rc1 a4 24. Bxd3 Nxd3 25. Rc2 g5 26. Qe2 Qg6 27. Rd2 g4 28.
hxg4 hxg4 29. g3 Rf3 30. Ng2 Rxg3 31. Nde3 Bxe3 32. fxe3 Rff3 33. Qd1 Qf5 34.
Qe2 Qh7 35. Qd1 Rh3 0-1

[Event "16.Open Seefeld"]
[Site "Oesterreich / Seefeld"]
[Date "2005.09.24"]
[Round "8"]
[White "Heinig, Wolfram"]
[Black "Levin, Felix"]
[Result "1/2-1/2"]
[WhiteElo "2319"]
[BlackElo "2498"]
[PlyCount "43"]
[EventDate "2005.09.17"]

1. d4 Nf6 2. c4 e6 3. g3 c5 4. Nf3 cxd4 5. Nxd4 Qc7 6. Nc3 a6 7. e4 b6 8. Qd3
Bb7 9. Bg2 d6 10. O-O Nc6 11. b3 Be7 12. Bb2 O-O 13. Rac1 Nxd4 14. Qxd4 Rab8
15. Rfd1 Rfd8 16. Qe3 Ba8 17. h3 Qb7 18. Rd2 Nd7 19. Ba3 Nc5 20. f4 Qc7 21.
Rcd1 b5 22. Bxc5 1/2-1/2

[Event "16.Open Seefeld"]
[Site "Oesterreich / Seefeld"]
[Date "2005.09.24"]
[Round "8"]
[White "van der Weide, Karel"]
[Black "Feige, Manuel"]
[Result "1-0"]
[WhiteElo "2482"]
[BlackElo "2387"]
[PlyCount "67"]
[EventDate "2005.09.17"]

1. e4 c5 2. Nf3 d6 3. d4 Nf6 4. Nc3 cxd4 5. Nxd4 a6 6. Be3 e6 7. g4 h5 8. g5
Ng4 9. Bc1 Qb6 10. h3 Ne5 11. Be2 g6 12. f4 Nec6 13. Nb3 Nd7 14. Rf1 Be7 15. f5
Nce5 16. Bf4 Bd8 17. Qd2 Nc5 18. O-O-O Nxb3+ 19. cxb3 exf5 20. Nd5 Qc6+ 21. Kb1
fxe4 22. Rc1 Qd7 23. Bxe5 dxe5 24. Rc7 e3 25. Qd3 Qf5 26. Rxf7 Qxd3+ 27. Bxd3
Bf5 28. R1xf5 gxf5 29. g6 e4 30. Be2 Rf8 31. Rxb7 Rg8 32. g7 Bg5 33. Bxh5+ Kd8
34. Nb6 1-0

[Event "16.Open Seefeld"]
[Site "Oesterreich / Seefeld"]
[Date "2005.09.24"]
[Round "8"]
[White "Kesik, Klaus-Dieter"]
[Black "Ivanov, Michail"]
[Result "0-1"]
[WhiteElo "2266"]
[BlackElo "2426"]
[PlyCount "46"]
[EventDate "2005.09.17"]

1. Nf3 Nf6 2. g3 d5 3. d4 c6 4. Bg2 Bf5 5. O-O h6 6. Nbd2 Nbd7 7. b3 e6 8. Bb2
Be7 9. Ne5 O-O 10. Nxd7 Qxd7 11. Nf3 Rfd8 12. e3 Qc7 13. Qe2 a5 14. c4 a4 15.
Nd2 Qa5 16. c5 a3 17. Bc1 Qc3 18. Rb1 Bd3 19. Qd1 b6 20. cxb6 Qb4 21. Nf3 Bxb1
22. Bd2 Qxb6 23. Qxb1 Ne4 0-1

[Event "16.Open Seefeld"]
[Site "Oesterreich / Seefeld"]
[Date "2005.09.24"]
[Round "8"]
[White "Weinzettl, Ernst"]
[Black "Wiesinger, Robert"]
[Result "1/2-1/2"]
[WhiteElo "2347"]
[BlackElo "2235"]
[PlyCount "113"]
[EventDate "2005.09.17"]

1. Nf3 d5 2. b3 Bg4 3. e3 Nf6 4. Bb2 e6 5. h3 Bxf3 6. Qxf3 Bd6 7. g4 O-O 8. Bg2
Nbd7 9. d3 c6 10. Nd2 Qe7 11. a3 Rfd8 12. Qe2 e5 13. O-O h6 14. Nf3 Re8 15.
Rfd1 e4 16. dxe4 dxe4 17. Nd4 g6 18. b4 Be5 19. c4 Rad8 20. Rd2 Bc7 21. Rad1
Ne5 22. Bc3 c5 23. Nb5 Rxd2 24. Rxd2 Bb8 25. bxc5 Qxc5 26. Bb4 Qxc4 27. Qxc4
Nxc4 28. Rd4 Ne5 29. Nd6 Bxd6 30. Rxd6 Re6 31. Rd8+ Kg7 32. Bc3 g5 33. Ra8 Nc6
34. Rc8 Kg6 35. Bb2 Re7 36. Kh2 a6 37. a4 Re6 38. Ba3 Nd5 39. Bb2 Nf6 40. Rh8
Nb4 41. Rb8 Re7 42. Bc3 Nbd5 43. Bd4 h5 44. gxh5+ Kxh5 45. a5 Kg6 46. Kg1 Nb4
47. Rc8 Nc6 48. Bb6 Nd5 49. Bf1 Nxb6 50. axb6 Re6 51. Bxa6 Na5 52. Bb5 Rxb6 53.
Be8 Nc6 54. Rc7 Ne5 55. Rc1 Rb2 56. Rd1 Kg7 57. Bd7 1/2-1/2

[Event "16.Open Seefeld"]
[Site "Oesterreich / Seefeld"]
[Date "2005.09.24"]
[Round "8"]
[White "Dittmar, Peter"]
[Black "Thoeny, Hermann"]
[Result "1-0"]
[WhiteElo "2326"]
[BlackElo "2136"]
[PlyCount "89"]
[EventDate "2005.09.17"]

1. d4 d5 2. Nf3 e6 3. c4 c5 4. cxd5 exd5 5. e3 Nf6 6. Bb5+ Nc6 7. O-O Bd6 8.
dxc5 Bxc5 9. Qc2 Qb6 10. Nc3 Bb4 11. Bd2 O-O 12. Bxc6 bxc6 13. Na4 Qa5 14. Bxb4
Qxb4 15. Nd4 Bd7 16. Nc5 Rad8 17. b3 Be8 18. Rac1 g6 19. Qc3 Qxc3 20. Rxc3 Rd6
21. Rfc1 Kg7 22. h3 Ne4 23. Nxe4 dxe4 24. Nxc6 Bxc6 25. Rxc6 Rd2 26. R1c2 Rd1+
27. Kh2 Rfd8 28. Kg3 R8d7 29. h4 R1d5 30. Rc7 Kf6 31. Rxd7 Rxd7 32. Kf4 Re7 33.
g4 h6 34. Rc6+ Kg7 35. Ra6 f6 36. h5 g5+ 37. Kg3 Kf7 38. Kg2 Rc7 39. Ra4 Re7
40. Kf1 f5 41. gxf5 Kf6 42. Ra6+ Kxf5 43. Rxh6 Kg4 44. Kg2 a5 45. Ra6 1-0

[Event "16.Open Seefeld"]
[Site "Oesterreich / Seefeld"]
[Date "2005.09.24"]
[Round "8"]
[White "Schunk, Thomas"]
[Black "Sailer, Douglas"]
[Result "1/2-1/2"]
[WhiteElo "2315"]
[BlackElo "2224"]
[PlyCount "118"]
[EventDate "2005.09.17"]

1. c4 Nf6 2. Nc3 c6 3. e4 d5 4. cxd5 cxd5 5. exd5 Nxd5 6. Qb3 e6 7. Nf3 Nc6 8.
Bb5 Bd6 9. O-O O-O 10. d4 Nxc3 11. bxc3 Bd7 12. Bd3 Qc7 13. Re1 Rac8 14. Bd2 b6
15. Qd1 Bf4 16. Re4 Bxd2 17. Qxd2 Ne7 18. c4 Ng6 19. Ne5 Nxe5 20. Rxe5 f6 21.
Rh5 f5 22. Re1 Rf6 23. Rh3 Rg6 24. Rg3 Rxg3 25. hxg3 Qd6 26. Qe3 Rf8 27. Bc2
Rf6 28. Bb3 f4 29. gxf4 Qxf4 30. Qxf4 Rxf4 31. d5 Kf7 32. c5 exd5 33. Bxd5+ Kf8
34. c6 Bc8 35. Re3 Rf5 36. Be4 Rc5 37. Ra3 a5 38. Rb3 b5 39. Bxh7 Be6 40. Rb2
Rc1+ 41. Kh2 Rxc6 42. Rxb5 Bxa2 43. Rxa5 Rh6+ 44. Kg3 Rxh7 45. Rxa2 Rh6 46. f4
Rg6+ 47. Kf3 Rf6 48. Kg4 Rg6+ 49. Kf5 Rg3 50. Ke4 Kf7 51. f5 g5 52. fxg6+ Kxg6
53. Kf4 Rb3 54. Ra6+ Kg7 55. g4 Rb4+ 56. Kg5 Rb5+ 57. Kh4 Rb7 58. Kh5 Rb5+ 59.
g5 Rb7 1/2-1/2

[Event "16.Open Seefeld"]
[Site "Oesterreich / Seefeld"]
[Date "2005.09.24"]
[Round "8"]
[White "Meschke, Andreas"]
[Black "Pilz, Dieter"]
[Result "0-1"]
[WhiteElo "2154"]
[BlackElo "2303"]
[PlyCount "90"]
[EventDate "2005.09.17"]

1. e4 e5 2. Nf3 Nc6 3. Bc4 Nf6 4. d3 Bc5 5. Nc3 d6 6. Bg5 h6 7. Bxf6 Qxf6 8.
Nd5 Qd8 9. c3 a6 10. d4 Ba7 11. h3 O-O 12. O-O Kh8 13. Rc1 f5 14. Bd3 Be6 15.
Nxc7 Qxc7 16. d5 Bxd5 17. exd5 Ne7 18. Bc2 Rf6 19. Qd2 Raf8 20. Rcd1 Ng6 21.
Kh2 Qf7 22. c4 Qc7 23. b3 a5 24. a4 Bc5 25. g3 e4 26. Nd4 Ne5 27. Kg2 Re8 28.
Ne6 Qb6 29. Nxc5 Qxc5 30. Qe3 b6 31. Qf4 Kg8 32. Rb1 Rff8 33. Bd1 Nd3 34. Qd2
f4 35. Bc2 fxg3 36. fxg3 Qd4 37. Rbd1 Rxf1 38. Rxf1 Qb2 39. Rb1 Qd4 40. Rd1 Rf8
41. Bxd3 exd3 42. Qxd3 Qf2+ 43. Kh1 Rf3 44. Qg6 Re3 45. Qg4 Re2 0-1

[Event "16.Open Seefeld"]
[Site "Oesterreich / Seefeld"]
[Date "2005.09.24"]
[Round "8"]
[White "Maurer, Rainer"]
[Black "Tscharotschkin, Michael"]
[Result "0-1"]
[WhiteElo "2035"]
[BlackElo "2243"]
[PlyCount "94"]
[EventDate "2005.09.17"]

1. d4 d5 2. Nf3 Bf5 3. c4 e6 4. Nc3 Nc6 5. Bg5 Be7 6. Bxe7 Ngxe7 7. e3 O-O 8.
Nh4 Re8 9. cxd5 Nxd5 10. Nxf5 exf5 11. Bc4 Nxc3 12. bxc3 f4 13. O-O Na5 14.
Bxf7+ Kxf7 15. Qh5+ Kg8 16. Qxa5 fxe3 17. fxe3 Rxe3 18. Rf4 b6 19. Qf5 h6 20.
Raf1 Rxc3 21. Rg4 Kh8 22. Qg6 Qe7 23. Re4 Qg5 24. Re8+ Rxe8 25. Qxe8+ Kh7 26.
Re1 Qg6 27. Qe2 Rc2 28. Qf3 Rxa2 29. h4 Ra5 30. d5 Qc2 31. Kh1 Ra4 32. h5 Rh4+
33. Kg1 Qc5+ 34. Re3 Rxh5 35. Qe4+ g6 36. Qe8 Rf5 37. Qd7+ Kh8 38. Qe8+ Rf8 39.
Qe5+ Kh7 40. Qe6 Qd6 41. Qxd6 cxd6 42. Re6 Rf7 43. Rxd6 Kg7 44. Rc6 Rd7 45. Kf2
Rxd5 46. Rc7+ Kf6 47. Rxa7 Re5 0-1

[Event "16.Open Seefeld"]
[Site "Oesterreich / Seefeld"]
[Date "2005.09.24"]
[Round "8"]
[White "Kyas, Juergen"]
[Black "Mueller, Norbert"]
[Result "1/2-1/2"]
[WhiteElo "2240"]
[BlackElo "2138"]
[PlyCount "20"]
[EventDate "2005.09.17"]

1. e4 d6 2. d4 g6 3. Nc3 Bg7 4. Nf3 Nf6 5. h3 O-O 6. Be3 c6 7. a4 Nbd7 8. Qd2
Qc7 9. Rd1 a6 10. Bd3 b5 1/2-1/2

[Event "16.Open Seefeld"]
[Site "Oesterreich / Seefeld"]
[Date "2005.09.24"]
[Round "8"]
[White "Schoetzig, Detlef"]
[Black "Lagrotteria, Salvatore"]
[Result "1/2-1/2"]
[WhiteElo "2124"]
[BlackElo "2214"]
[PlyCount "88"]
[EventDate "2005.09.17"]

1. c4 Nf6 2. Nc3 c5 3. g3 Nc6 4. Bg2 e6 5. Nf3 Be7 6. O-O O-O 7. d4 cxd4 8.
Nxd4 a6 9. Nxc6 bxc6 10. e4 Qc7 11. Qe2 e5 12. Be3 a5 13. b3 d6 14. h3 Ba6 15.
Rfd1 Nd7 16. Qd2 Rfd8 17. Na4 Rab8 18. Rac1 Nf8 19. Qc3 Ne6 20. c5 Bb5 21. cxd6
Rxd6 22. Rxd6 Bxd6 23. Nc5 Bxc5 24. Bxc5 a4 25. Rd1 Nxc5 26. Qxc5 axb3 27. axb3
h6 28. Bf3 Rb7 29. Ra1 Qe7 30. Ra8+ Kh7 31. Qc3 Rd7 32. Bg4 Rd4 33. Qa1 g6 34.
Ra7 Qf6 35. f4 h5 36. fxe5 Qxe5 37. Rxf7+ Kg8 38. Rf4 Rxe4 39. Qa8+ Qe8 40.
Qxe8+ Rxe8 41. Bf3 Re3 42. b4 Kg7 43. h4 Rc3 44. Kf2 c5 1/2-1/2

[Event "16.Open Seefeld"]
[Site "Oesterreich / Seefeld"]
[Date "2005.09.24"]
[Round "8"]
[White "Wempe, Juergen"]
[Black "Ballon, Guenther-Jan"]
[Result "1/2-1/2"]
[WhiteElo "2202"]
[BlackElo "2213"]
[PlyCount "25"]
[EventDate "2005.09.17"]

1. d4 d5 2. Nf3 e6 3. Bf4 c5 4. e3 Nc6 5. c3 Nf6 6. Nbd2 Be7 7. h3 a6 8. Bd3
O-O 9. Qb1 cxd4 10. exd4 b5 11. Ne5 Bb7 12. Ng4 g6 13. Nf3 1/2-1/2

[Event "16.Open Seefeld"]
[Site "Oesterreich / Seefeld"]
[Date "2005.09.24"]
[Round "8"]
[White "Stabolewski, Andreas"]
[Black "Christiansmeier, Sven"]
[Result "1/2-1/2"]
[WhiteElo "2225"]
[BlackElo "2044"]
[PlyCount "82"]
[EventDate "2005.09.17"]

1. c4 e6 2. Nf3 Nf6 3. g3 d5 4. Bg2 g6 5. O-O Bg7 6. d4 O-O 7. Qc2 c6 8. b3 a5
9. Nc3 Na6 10. Rd1 Bd7 11. Bf4 Rc8 12. Bd6 Re8 13. c5 Bf8 14. Bxf8 Rxf8 15. Na4
Be8 16. Ne5 Ra8 17. Qd2 Ra7 18. Rac1 Nd7 19. Rc3 Nab8 20. e4 b5 21. cxb6 Nxb6
22. Nxb6 Qxb6 23. Rdc1 f6 24. Ng4 h5 25. Ne3 Rff7 26. exd5 exd5 27. Nd1 Kg7 28.
Nb2 Rfe7 29. Re3 Qb4 30. Qxb4 axb4 31. Rxe7+ Rxe7 32. Nd3 Na6 33. Re1 Kf7 34.
Bf1 Rxe1 35. Nxe1 Nc7 36. Nc2 Ne6 37. f4 Ke7 38. Bd3 f5 39. Kf2 Kd6 40. Nxb4
Nxd4 41. Na6 Bd7 1/2-1/2

[Event "16.Open Seefeld"]
[Site "Oesterreich / Seefeld"]
[Date "2005.09.24"]
[Round "8"]
[White "Ermel, Dirk"]
[Black "Schmidt, Wolfgang"]
[Result "1-0"]
[WhiteElo "2208"]
[BlackElo "2091"]
[PlyCount "61"]
[EventDate "2005.09.17"]

1. e4 d6 2. c4 Nf6 3. Nc3 g6 4. d4 Bg7 5. f3 O-O 6. Be3 Nc6 7. Qd2 a6 8. g4 e5
9. d5 Nd4 10. h4 h5 11. g5 Nd7 12. Nce2 c5 13. dxc6 bxc6 14. Nxd4 exd4 15. Bxd4
Ne5 16. O-O-O Rb8 17. f4 Bg4 18. Be2 Nxc4 19. Bxc4 Bxd4 20. Qxd4 Bxd1 21. Kxd1
d5 22. exd5 cxd5 23. Bb3 Qd7 24. Ne2 Qg4 25. Rg1 Qh3 26. Rg3 Qf1+ 27. Kd2 Rfe8
28. Re3 Rbd8 29. Re5 Qg2 30. Qe3 Kf8 31. Ba4 1-0

[Event "16.Open Seefeld"]
[Site "Oesterreich / Seefeld"]
[Date "2005.09.24"]
[Round "8"]
[White "Allgaier, Erik"]
[Black "Keller, Manfred"]
[Result "0-1"]
[WhiteElo "2078"]
[BlackElo "2184"]
[PlyCount "68"]
[EventDate "2005.09.17"]

1. d4 Nf6 2. Nf3 g6 3. Nc3 d5 4. Bf4 c6 5. e3 Bg7 6. Be2 Qb6 7. a3 Bf5 8. Na4
Qa5+ 9. c3 Nbd7 10. b4 Qd8 11. Ne5 Nxe5 12. Bxe5 h5 13. Bd3 Bxd3 14. Qxd3 Kf8
15. O-O Ne4 16. f3 Nd6 17. e4 Nc4 18. Bxg7+ Kxg7 19. e5 e6 20. f4 b6 21. Qg3 h4
22. Qf2 Qd7 23. Nb2 Nxb2 24. Qxb2 Qc7 25. Rfc1 b5 26. a4 a5 27. bxa5 Rxa5 28.
axb5 Rxb5 29. Qa2 h3 30. g4 Rh4 31. Qe2 Qb6 32. Rc2 Rb1+ 33. Rxb1 Qxb1+ 34. Kf2
Rxg4 0-1

[Event "16.Open Seefeld"]
[Site "Oesterreich / Seefeld"]
[Date "2005.09.24"]
[Round "8"]
[White "Fournell, Udo"]
[Black "Mertens, Klaus"]
[Result "1/2-1/2"]
[WhiteElo "1891"]
[BlackElo "2144"]
[PlyCount "150"]
[EventDate "2005.09.17"]

1. e4 c5 2. Nf3 e6 3. d4 cxd4 4. Nxd4 a6 5. Bd3 Bc5 6. Nb3 Be7 7. c4 d6 8. Nc3
Nf6 9. O-O Nbd7 10. f4 b6 11. Be3 Bb7 12. Qe2 Qc7 13. Rac1 O-O 14. Rfd1 Rac8
15. Nd2 Qb8 16. b4 Rfe8 17. h3 Qa8 18. Bf2 d5 19. a3 dxe4 20. Ndxe4 a5 21.
Nxf6+ Nxf6 22. Bxb6 axb4 23. axb4 Bxb4 24. Nb5 Bc5+ 25. Bxc5 Rxc5 26. Ra1 Qb8
27. Rab1 Re7 28. Qe3 Rc6 29. Nd4 Qa7 30. Kf2 Ra6 31. Rb2 Ra1 32. Rdd2 g6 33.
Qe5 Ne8 34. Kg3 f6 35. Qe3 Ra3 36. Kf2 Nd6 37. Nc2 Ne4+ 38. Ke2 Qxe3+ 39. Kxe3
Rc3 40. Rxb7 Rxb7 41. Kxe4 Rd7 42. Nd4 Kf7 43. Rc2 Rxd3 44. Kxd3 e5 45. fxe5
fxe5 46. Ke4 exd4 47. Rd2 Ke6 48. Rxd4 Rc7 49. g3 Rc5 50. Kd3 Ra5 51. Ke4 Re5+
52. Kd3 Ra5 53. Ke3 Rg5 54. g4 Ra5 55. h4 Ra3+ 56. Rd3 Ra1 57. g5 Re1+ 58. Kd4
Kd6 59. Re3 Rd1+ 60. Kc3 Rc1+ 61. Kd3 Rd1+ 62. Kc2 Rh1 63. Re4 Rh3 64. Kd2 Kc5
65. Ke2 Kd6 66. Kf2 Rc3 67. Rd4+ Ke6 68. Ke2 Ke5 69. Rg4 Rh3 70. Kd2 Kd6 71.
Ke2 Rc3 72. h5 gxh5 73. Rh4 Kc5 74. Rxh5 Kxc4 75. Kf2 Kd4 1/2-1/2

[Event "16.Open Seefeld"]
[Site "Oesterreich / Seefeld"]
[Date "2005.09.24"]
[Round "8"]
[White "Vrban, Damir"]
[Black "Strasser, Josef (D)"]
[Result "1/2-1/2"]
[WhiteElo "2133"]
[BlackElo "1940"]
[PlyCount "54"]
[EventDate "2005.09.17"]

1. g3 Nf6 2. Bg2 d5 3. f4 c6 4. Nf3 Bg4 5. Ne5 Bf5 6. d3 Nbd7 7. O-O e6 8. Nxd7
Qxd7 9. e3 Bc5 10. Nc3 h5 11. h3 Bb6 12. Qe2 Bg6 13. Bd2 O-O-O 14. Na4 Bc7 15.
b4 Qd6 16. Bc3 Qe7 17. e4 e5 18. f5 d4 19. Bd2 Bh7 20. a3 Qd6 21. Bg5 Bg8 22.
Bf3 Re8 23. c3 Nh7 24. Bd2 g6 25. cxd4 exd4 26. Bf4 Qe7 27. Bxc7 Qxc7 1/2-1/2

[Event "16.Open Seefeld"]
[Site "Oesterreich / Seefeld"]
[Date "2005.09.24"]
[Round "8"]
[White "Willin, Bernhard"]
[Black "Gruber, Michael"]
[Result "1/2-1/2"]
[WhiteElo "2042"]
[BlackElo "2122"]
[PlyCount "27"]
[EventDate "2005.09.17"]

1. d4 f5 2. Bf4 Nf6 3. c4 d6 4. Nc3 g6 5. Qd2 e6 6. f3 Qe7 7. e4 e5 8. Bg5 c6
9. Be2 f4 10. Bd1 Bg7 11. Nge2 Na6 12. Bb3 Nc7 13. Bh4 Bd7 14. Bf2 1/2-1/2

[Event "16.Open Seefeld"]
[Site "Oesterreich / Seefeld"]
[Date "2005.09.24"]
[Round "8"]
[White "Santl, Anton"]
[Black "Strasser, Josef (A)"]
[Result "1-0"]
[WhiteElo "2132"]
[BlackElo "1917"]
[PlyCount "47"]
[EventDate "2005.09.17"]

1. Nf3 d5 2. c4 e6 3. g3 Nf6 4. Bg2 dxc4 5. O-O Be7 6. Qa4+ Bd7 7. Qxc4 Bc6 8.
Nc3 O-O 9. d4 Nbd7 10. Qd3 a6 11. Rd1 Nd5 12. e4 Nxc3 13. bxc3 b6 14. Bf4 f5
15. exf5 Rxf5 16. Ng5 Bxg5 17. Bxc6 Bxf4 18. Qe4 Kf8 19. Bxa8 Nf6 20. Qxe6 g6
21. Bb7 Bd6 22. Bxa6 Kg7 23. Bb7 Ng4 24. Be4 1-0

[Event "16.Open Seefeld"]
[Site "Oesterreich / Seefeld"]
[Date "2005.09.24"]
[Round "8"]
[White "Schmidt, Juergen"]
[Black "Platzgummer, Fabian"]
[Result "1-0"]
[WhiteElo "2122"]
[BlackElo "2032"]
[PlyCount "81"]
[EventDate "2005.09.17"]

1. e4 e6 2. d4 c5 3. d5 exd5 4. exd5 d6 5. Nf3 Be7 6. Be2 Nf6 7. c4 O-O 8. Nc3
Bg4 9. O-O Nbd7 10. h3 Bxf3 11. Bxf3 Ne5 12. Be2 Re8 13. Bf4 Ng6 14. Bg3 Bf8
15. Qc2 Qd7 16. Bd3 a6 17. Bf5 Qc7 18. Rfe1 Ne7 19. Bd3 g6 20. Re2 Nh5 21. Bh2
f5 22. Rae1 Kf7 23. g4 Ng7 24. f3 b5 25. b3 b4 26. Nd1 Rad8 27. Qd2 Ng8 28. Qf4
Rxe2 29. Rxe2 Qd7 30. Ne3 h6 31. gxf5 g5 32. Qg4 Nf6 33. Qg2 Re8 34. f4 Nh7 35.
fxg5 hxg5 36. f6 Nxf6 37. Qxg5 Ne4 38. Qf4+ Nf6 39. Qh6 Ne4 40. Qh7 Qe7 41. Ng4
1-0

[Event "16.Open Seefeld"]
[Site "Oesterreich / Seefeld"]
[Date "2005.09.24"]
[Round "8"]
[White "Kuehlmeyer, Klaus"]
[Black "Riedl, Johannes"]
[Result "1-0"]
[WhiteElo "2027"]
[BlackElo "2118"]
[PlyCount "109"]
[EventDate "2005.09.17"]

1. e4 e6 2. d3 d5 3. Nd2 Nf6 4. g3 a5 5. Bg2 Nc6 6. Ngf3 dxe4 7. dxe4 e5 8. O-O
Bc5 9. c3 O-O 10. h3 b6 11. Qc2 Ba6 12. Re1 Bd3 13. Qa4 b5 14. Qd1 a4 15. Nh4
b4 16. Nf1 bxc3 17. bxc3 Bb5 18. Bg5 Qd3 19. Bxf6 Qxd1 20. Raxd1 gxf6 21. Rd5
Bxf1 22. Rxc5 Bxg2 23. Kxg2 Ra6 24. Rd1 Rc8 25. Nf5 Kf8 26. Ne3 Nd8 27. Nd5 Ne6
28. Rc4 Kg7 29. Rb1 c5 30. Rb7 Rd8 31. f4 f5 32. exf5 Rxd5 33. fxe6 Rxe6 34.
Rxa4 e4 35. Raa7 Rd2+ 36. Kf1 e3 37. Rxf7+ Kg8 38. Rfd7 e2+ 39. Ke1 Rxd7 40.
Rxd7 Re3 41. Rd5 Rxc3 42. Kxe2 Kf7 43. Rd3 Rc2+ 44. Kf3 Rxa2 45. Rc3 Ra5 46. g4
Ke6 47. f5+ Kd5 48. Re3 Ra1 49. g5 h5 50. gxh6 Ra6 51. Re6 Ra7 52. Kf4 c4 53.
Kg5 c3 54. Re2 Rc7 55. Rc2 1-0

[Event "16.Open Seefeld"]
[Site "Oesterreich / Seefeld"]
[Date "2005.09.24"]
[Round "8"]
[White "Werner, Bernd"]
[Black "Oettinger, Hagen"]
[Result "0-1"]
[WhiteElo "2012"]
[BlackElo "2100"]
[PlyCount "72"]
[EventDate "2005.09.17"]

1. e4 Nf6 2. e5 Nd5 3. c4 Nb6 4. Nc3 e6 5. d4 d6 6. Be3 dxe5 7. dxe5 Qxd1+ 8.
Rxd1 Bb4 9. Bd2 Bd7 10. a3 Bxc3 11. Bxc3 Bc6 12. f3 Ba4 13. Rc1 Nc6 14. Bd3
O-O-O 15. Be4 Nxc4 16. Ne2 Ne3 17. Bxc6 Bxc6 18. Kf2 Nd5 19. Bd4 Nb6 20. Bxb6
axb6 21. Rhd1 Ba4 22. Rd4 Rxd4 23. Nxd4 Rd8 24. Ke3 c5 25. Rc4 Rxd4 26. Rxd4
cxd4+ 27. Kxd4 Kd7 28. f4 Bd1 29. g3 Kc6 30. h3 h5 31. Kc4 b5+ 32. Kd4 b6 33.
b4 Bf3 34. Ke3 Bg2 35. g4 Bxh3 36. gxh5 Bg4 0-1

[Event "16.Open Seefeld"]
[Site "Oesterreich / Seefeld"]
[Date "2005.09.24"]
[Round "8"]
[White "Schett, Franz"]
[Black "Pieper, Harald"]
[Result "1/2-1/2"]
[WhiteElo "1997"]
[BlackElo "2094"]
[PlyCount "62"]
[EventDate "2005.09.17"]

1. e4 e5 2. Nf3 Nc6 3. d4 exd4 4. Nxd4 Qh4 5. Nc3 Bb4 6. Qd3 Ne5 7. Qe3 Bxc3+
8. bxc3 c6 9. Nf5 Qf6 10. Ba3 b6 11. Nd6+ Kd8 12. Nxc8 Kxc8 13. Ba6+ Kc7 14.
Rd1 c5 15. Qg3 d6 16. f4 Nc6 17. O-O Nge7 18. Rde1 Qg6 19. Qf3 f6 20. Bb2 Rhf8
21. Bd3 Qf7 22. Ra1 g6 23. Qe2 Rae8 24. a4 Na5 25. Bb5 Nec6 26. Qd3 f5 27. Rad1
Qe6 28. e5 dxe5 29. fxe5 Rd8 30. Qh3 h5 31. Bc1 Rxd1 1/2-1/2

[Event "16.Open Seefeld"]
[Site "Oesterreich / Seefeld"]
[Date "2005.09.24"]
[Round "8"]
[White "Ranker, Klemens"]
[Black "Verhoef, Helge"]
[Result "0-1"]
[WhiteElo "1955"]
[BlackElo "2086"]
[PlyCount "72"]
[EventDate "2005.09.17"]

1. e4 Nf6 2. Nc3 d5 3. exd5 Nxd5 4. Ne4 Nc6 5. c3 e5 6. Bb5 Bd7 7. d3 f5 8. Ng3
Qf6 9. Nf3 h6 10. O-O O-O-O 11. Re1 Bd6 12. Nh5 Qe7 13. d4 e4 14. c4 Nf6 15.
Ng3 Qf7 16. d5 Nb4 17. Bxd7+ Nxd7 18. Nd4 Nd3 19. Rf1 g6 20. Qa4 Bc5 21. Ne6
Rde8 22. Nxc5 N7xc5 23. Qxa7 f4 24. b4 Nd7 25. Ne2 f3 26. gxf3 exf3 27. Ng3 Qf6
28. Be3 Qh4 29. Kh1 Qh3 30. Rg1 N3e5 31. Bf4 Ng4 32. Ne4 Rxe4 33. Bg3 Rxc4 34.
Qa8+ Nb8 35. Qa3 Rf8 36. Qd3 Nxh2 0-1

[Event "16.Open Seefeld"]
[Site "Oesterreich / Seefeld"]
[Date "2005.09.24"]
[Round "8"]
[White "Schwammberger, Eugen"]
[Black "Schirmer, Werner"]
[Result "1-0"]
[WhiteElo "1950"]
[BlackElo "2053"]
[PlyCount "73"]
[EventDate "2005.09.17"]

1. Nf3 Nf6 2. g3 g6 3. b4 Bg7 4. Bb2 O-O 5. Bg2 d5 6. d3 c6 7. Nbd2 a5 8. bxa5
Qxa5 9. O-O Nbd7 10. c4 Nc5 11. Nb3 Qb4 12. Qd2 Qxd2 13. Nbxd2 Na4 14. Be5 Ng4
15. Bxg7 Kxg7 16. cxd5 cxd5 17. Rfc1 e6 18. h3 Nf6 19. Rab1 Ne8 20. Nd4 Nd6 21.
Nb5 Rd8 22. Nf3 Kf6 23. Nfd4 Nxb5 24. Rxb5 Ke5 25. Rb4 Ra6 26. f4+ Kf6 27. Nf3
Nb6 28. Rb2 Nd7 29. Rbc2 Ra8 30. Kf2 Ke7 31. Rc7 f6 32. R1c2 Kd6 33. Nd4 b6 34.
R2c6+ Ke7 35. Rxe6+ Kf8 36. Bxd5 Ra4 37. Nc6 1-0